Sigla delle province italiane (provincia --> sigla) - Statistics

Statistiche generali
  • Questo quiz è stato fatto 112 volte
  • Il punteggio medio è 23 su 24
Statistiche sulle risposte
Provincia Sigla % Corretto
Bergamo BG
100%
Bolzano BZ
100%
Lucca LU
100%
Piacenza PC
100%
Padova PD
100%
Pavia PV
100%
Treviso TV
100%
Trieste TS
99%
Vibo Valentia VV
99%
Cremona CR
98%
Livorno LI
98%
Latina LT
98%
Ravenna RA
98%
Rovigo RO
98%
Perugia PG
97%
Prato PO
97%
Potenza PZ
97%
Rimini RN
97%
Trapani TP
97%
Viterbo VT
97%
Caserta CE
96%
Vercelli VC
96%
Barletta-Andria-Trani BT
92%
Carbonia-Iglesias CI
91%
Nessun quiz corrispondente trovato
Distribuzione punteggi
Percentuale di utenti per punteggio
Percentile per numero di risposta
I tuoi punteggi nel tempo
Non hai fatto questo quiz